MARC details
| 000 -CABECERA |
| campo de control de longitud fija |
01463nam a2200325 a 4500 |
| 001 - NÚMERO DE CONTROL |
| campo de control |
000013478 |
| 003 - IDENTIFICADOR DEL NÚMERO DE CONTROL |
| campo de control |
DO-SdBNP |
| 005 - FECHA Y HORA DE LA ÚLTIMA TRANSACCIÓN |
| campo de control |
20250502073819.0 |
| 007 - CAMPO FIJO DE DESCRIPCIÓN FÍSICA--INFORMACIÓN GENERAL |
| campo de control de longitud fija |
ta |
| 008 - DATOS DE LONGITUD FIJA--INFORMACIÓN GENERAL |
| campo de control de longitud fija |
091125s1983 dr 001 0 spa d |
| 040 ## - FUENTE DE LA CATALOGACIÓN |
| Centro catalogador/agencia de origen |
DO-SdBNP |
| Lengua de catalogación |
spa |
| Centro/agencia transcriptor |
BNPHU |
| 082 #4 - NÚMERO DE LA CLASIFICACIÓN DECIMAL DEWEY |
| Número de clasificación |
347.7293013 |
| Número de documento/Ítem |
R426L, 1983 |
| 110 1# - ENTRADA PRINCIPAL--NOMBRE DE ENTIDAD CORPORATIVA |
| Nombre de entidad corporativa o nombre de jurisdicción como elemento de entrada |
República Dominicana. |
| Unidad subordinada |
Oficina Nacional de Administración y Personal |
| 9 (RLIN) |
26398 |
| 240 10 - TÍTULO UNIFORME |
| Título uniforme |
[Leyes, etc.] |
| 245 10 - MENCIÓN DE TÍTULO |
| Título |
Ley de organización judicial : |
| Resto del título |
apéndice, Ley que crea el Colegio de Abogados de la República, Estatuto orgánico, y Código de ética del Colegio de Abogados de la República Dominicana. |
| Mención de responsabilidad, etc. |
presentación Manuel Bergés Chupani. |
| 260 ## - PUBLICACIÓN, DISTRIBUCIÓN, ETC. |
| Lugar de publicación, distribución, etc. |
Santo Domingo : |
| Nombre del editor, distribuidor, etc. |
ONAP, |
| Fecha de publicación, distribución, etc. |
1983. |
| 300 ## - DESCRIPCIÓN FÍSICA |
| Extensión |
153 p. ; |
| Dimensiones |
21 cm. |
| 490 0# - MENCIÓN DE SERIE |
| Mención de serie |
Leyes y códigos dominicanos ; |
| Designación de volumen o secuencia |
3 |
| 500 ## - NOTA GENERAL |
| Nota general |
Apéndice : Ley que crea el Colegio de Abogados de la República; estatuto orgánico, y código de ética del Colegio de Abogado de la República Dominicana p. 87-153 |
| 500 ## - NOTA GENERAL |
| Nota general |
Titulo lomo : Ley de organización judicial y apéndice. |
| 590 ## - NOTA LOCAL (RLIN) |
| Nota local |
Inventariado, 2022/MFF |
| 650 #4 - PUNTO DE ACCESO ADICIONAL DE MATERIA--TÉRMINO DE MATERIA |
| Término de materia o nombre geográfico como elemento de entrada |
Legislacion judicial |
| 9 (RLIN) |
30795 |
| 650 #4 - PUNTO DE ACCESO ADICIONAL DE MATERIA--TÉRMINO DE MATERIA |
| Término de materia o nombre geográfico como elemento de entrada |
Poder judicial |
| Subdivisión general |
Legislación |
| 9 (RLIN) |
30796 |
| 651 #4 - PUNTO DE ACCESO ADICIONAL DE MATERIA--NOMBRE GEOGRÁFICO |
| Nombre geográfico |
República Dominicana |
| Subdivisión general |
Ley 821-27 |
| 9 (RLIN) |
30797 |
| 700 1# - PUNTO DE ACCESO ADICIONAL--NOMBRE DE PERSONA |
| Nombre de persona |
Bergés Chupani, Manuel |
| 9 (RLIN) |
8440 |
| 740 0# - PUNTO DE ACCESO ADICIONAL--TÍTULO RELACIONADO O ANALÍTICO NO CONTROLADO |
| Título relacionado o analítico no controlado |
Ley de organización judicial y apéndice. |
| 830 #0 - PUNTO DE ACCESO ADICIONAL DE SERIE-TÍTULO UNIFORME |
| Título uniforme |
Leyes y códigos dominicanos |
| Número de parte o sección de la obra |
3 |
| 9 (RLIN) |
30798 |
| 910 ## - DATOS DE OPCIÓN DEL USUARIO (OCLC) |
| Datos de opción del usuario |
Validado. Control de calidad MFF |
| 942 ## - ELEMENTOS DE PUNTO DE ACCESO ADICIONAL (KOHA) |
| Fuente del sistema de clasificación o colocación |
Dewey Decimal Classification |
| Tipo de ítem Koha |
Libro |